Play your ages right! Quiz Stats

 Plays Quiz not verified by Sporcle

Support Sporcle.
Go Orange.
Score 0/29 Timer 06:00
0 Plays Today
Person Higher / Lower % Correct
????
100%
????
75.9%
????
75.9%
????
74.4%
????
73.7%
????
70.7%
????
69.2%
????
66.2%
????
64.7%
????
63.2%
????
63.2%
????
62.4%
????
61.7%
????
60.9%
????
59.4%
Person Higher / Lower % Correct
????
59.4%
????
58.6%
????
58.6%
????
57.9%
????
56.4%
????
54.9%
????
54.9%
????
53.4%
????
53.4%
????
45.1%
????
43.6%
????
42.9%
????
39.1%
????
30.8%

You're not logged in!

Compare scores with friends on all Sporcle quizzes.
OR
Log In

From the Vault

Self Defense Against Fresh Fruit

by wildebeest

We want to learn how to defend ourselves against pointed sticks, do we? Getting all high and mighty, eh? Fresh fruit not good enough for you eh?
Remove Ads.
Support Sporcle.
Get the best of Sporcle when you Go Orange. This ad-free experience offers more features, more stats, and more fun while also helping to support Sporcle. Thank you for becoming a member.

Show Comments

Extras

Top Quizzes Today


Score Distribution

Your Account Isn't Verified!

In order to create a playlist on Sporcle, you need to verify the email address you used during registration. Go to your Sporcle Settings to finish the process.

Report this User

Report this user for behavior that violates our Community Guidelines.

Details: